00386nam a22001217a 4500999001700000100001500017100001100032245006900043300000900112700004200121942001100163952009000174 c58334d58331 aZia Arham  a10ME97 aImpact of Bio-Diesel Blend on Diesel Engine Using Variable Load  a92p. aDepartment of Mechanical Engineering  cTHESIS 00104070aQUESTCLbRESEARCHd2018-04-19l0pMEP/24-311r2018-04-19 00:00:00yTHESIS